Detalles MARC
| 000 -CABECERA |
| campo de control de longitud fija |
01084nam a2200277 a 4500 |
| 001 - NÚMERO DE CONTROL |
| campo de control |
000023865 |
| 005 - FECHA Y HORA DE LA ÚLTIMA TRANSACCIÓN |
| campo de control |
20200930022527.0 |
| 008 - DATOS DE LONGITUD FIJA--INFORMACIÓN GENERAL |
| campo de control de longitud fija |
110114s1968 sp r 001 0 spa d |
| 040 ## - FUENTE DE LA CATALOGACIÓN |
| Centro catalogador/agencia de origen |
DO-SdBNP |
| Lengua de catalogación |
spa |
| Centro/agencia transcriptor |
BNPHU |
| 041 17 - CÓDIGO DE LENGUA |
| Código de lengua del texto/banda sonora o título independiente |
spa |
| Código de lengua original |
eng |
| Fuente del código |
Código de idiomas MARC |
| 082 ## - NÚMERO DE LA CLASIFICACIÓN DECIMAL DEWEY |
| Número de clasificación |
nnnn |
| Número de documento/Ítem |
J53d |
| 049 ## - FONDOS LOCALES (OCLC) |
| Fondos de biblioteca |
BNGR |
| 100 1# - ENTRADA PRINCIPAL--NOMBRE DE PERSONA |
| Nombre de persona |
Jenks, C. Wilfred, |
| 9 (RLIN) |
49093 |
| 240 14 - TÍTULO UNIFORME |
| Título uniforme |
The common law of mankind. |
| Lenguaje de la obra |
Español |
| 245 13 - MENCIÓN DE TÍTULO |
| Título |
El derecho común de la humanidad / |
| Mención de responsabilidad, etc. |
C. Wilfred Jenks ; traducción de M.T. Martínez de Arellano ; revisión, índices y notas a la edición española de Manuel Medina. |
| 260 ## - PUBLICACIÓN, DISTRIBUCIÓN, ETC. |
| Lugar de publicación, distribución, etc. |
Madrid : |
| Nombre del editor, distribuidor, etc. |
Tecnos, |
| Fecha de publicación, distribución, etc. |
1968. |
| 300 ## - DESCRIPCIÓN FÍSICA |
| Extensión |
ix, 430 p. ; |
| Dimensiones |
24 cm. |
| 490 1# - MENCIÓN DE SERIE |
| Mención de serie |
Ciencias sociales |
| 490 1# - MENCIÓN DE SERIE |
| Mención de serie |
Relaciones internacionales |
| 504 ## - NOTA DE BIBLIOGRAFÍA, ETC. |
| Nota de bibliografía, etc. |
Incluye referencias bibliográficas y notas al pie de las páginas. |
| 534 ## - NOTA SOBRE LA VERSIÓN ORIGINAL |
| Frase introductoria |
Título original en inglés: |
| Mención de título del original |
The common law of mankind. |
| 500 ## - NOTA GENERAL |
| Nota general |
Incluye índice |
| 700 1# - PUNTO DE ACCESO ADICIONAL--NOMBRE DE PERSONA |
| Nombre de persona |
Ramírez de Arellano, M.T., |
| Término indicativo de función/relación |
tr. |
| 9 (RLIN) |
49094 |
| 700 1# - PUNTO DE ACCESO ADICIONAL--NOMBRE DE PERSONA |
| Nombre de persona |
Medina, Manuel, |
| 9 (RLIN) |
49095 |
| 830 #0 - PUNTO DE ACCESO ADICIONAL DE SERIE-TÍTULO UNIFORME |
| Título uniforme |
Ciencias sociales. |
| Nombre de parte o sección de la obra |
Relaciones internacionales |
| 9 (RLIN) |
49096 |